banner-ar

البرهان فى علوم القران / (Record no. 58781)

MARC details
000 -الفاتح
حقل البيانات ثابتة الطول 00729nam a2200217Ia 4500
008 - عناصر البيانات ثابتة الطول - معلومات عامة
حقل البيانات ثابتة الطول 140319s9999 xx 000 0 ara d
040 ## - مصدر الفهرسة
وكالة الفهرسة الأصلية GCL /
وكالة النسخ GCL
082 04 - رقم تصنيف ديوى العشرى
رقم التصنيف 220
رقم المادة ب ب
100 1# - المدخل الرئيسى - إسم شخصى
الإسم الشخصى بدرالدين محمد بن عبدالله الز
245 10 - بيان العنوان
العنوان البرهان فى علوم القران /
بيان المسئوليه,etc بدرالدين محمد بن عبدالله الز
700 1# - المدخل الاضافى - اسم شخصى
الإسم الشخصى الزركشى : بدرالدين محمد بن عبد
260 ## - PUBLICATION, DISTRIBUTION, ETC. (IMPRINT)
تاريخ النشر أو التوزيع 1958
300 ## - الوصف المادى
التعداد متعدد ؛
أبعاد الوعاء 22 سم
490 ## - بيان السلسلة
عنوان السلسلة
650 04 - المدخل الاضافى بالموضوع-مصطلح موضوعى
مصطلح موضوعي المباحث العامة
650 04 - المدخل الاضافى بالموضوع-مصطلح موضوعى
مصطلح موضوعي تفاسير
650 04 - المدخل الاضافى بالموضوع-مصطلح موضوعى
مصطلح موضوعي فضائل
650 04 - المدخل الاضافى بالموضوع-مصطلح موضوعى
مصطلح موضوعي القران
942 ## - عناصر المدخل الإضافي( كوها)
مصدر التصنيف او مخطط الترفيف Dewey Decimal Classification
Koha [default] item type كتاب
260 ## - PUBLICATION, DISTRIBUTION, ETC. (IMPRINT)
-- بيروت :
-- دار احياء الكتب العربية ،
Holdings
حالة التراجع حالة الفقد حالة تلف ليس للاعارة المكان المؤقت الموقع الحالى تاريخ الاكتساب اجمالي اﻻعارات رقم الطلب الباركود تاريخ اخر مشاهدة تاريخ تفعيل السعر نوع وعاء كوها
        مكتبة القاهرة الكبرى مكتبة القاهرة الكبرى 03/26/2014   220\ ب ب 152468 03/26/2014 03/26/2014 كتاب
        مكتبة القاهرة الكبرى مكتبة القاهرة الكبرى 03/26/2014   220\ ب ب 152469 03/26/2014 03/26/2014 كتاب

Powered By

EGPV